[Event "Montreal CC-ch"]
[Site "Montreal CAN"]
[Date "2022.06.18"]
[Round "3.1"]
[White "Jacquet, Stephane"]
[Black "Rodrigue-Lemieux, Shawn"]
[Result "0-1"]
[WhiteElo "2013"]
[BlackElo "2471"]
[PlyCount "110"]
[EventDate "2022.06.17"]
[EventType "swiss"]
[EventRounds "5"]
[EventCountry "CAN"]

1. d4 Nf6 2. c4 e6 3. Nf3 d5 4. cxd5 exd5 5. Qc2 Bd6 6. Bg5 a6 7. e3 Be6 8. Bd3
Nbd7 9. O-O Rc8 10. Nc3 b5 11. e4 dxe4 12. Nxe4 Be7 13. Nc5 Nxc5 14. dxc5 h6
15. Bh4 Nd5 16. Bxe7 Qxe7 17. a3 Qf6 18. Rfe1 O-O 19. Re5 Nf4 20. Bh7+ Kh8 21.
Bf5 Rcd8 22. Rae1 Bxf5 23. Rxf5 Qg6 24. Nh4 Qg4 25. g3 Nh3+ 26. Kg2 Ng5 27. Qe2
Qh3+ 28. Kg1 Kg8 29. Qf1 Qg4 30. Qe2 Qa4 31. Re5 Qb3 32. f4 Ne6 33. Nf5 Kh7 34.
Re3 Qd5 35. Re5 Qd2 36. Qe4 g6 37. Ne7 Rd4 38. Qe2 Qxe2 39. R1xe2 Re8 40. Nc6
Rd1+ 41. Kf2 Kg7 42. Nb4 a5 43. Nc6 a4 44. f5 gxf5 45. Rxf5 Rc1 46. Ne5 Nd4 47.
Rxf7+ Kg8 48. Re3 Rc2+ 49. Kg1 Rxe5 50. Rxe5 Kxf7 51. Rd5 Nf3+ 52. Kf1 Nxh2+
53. Ke1 Ke6 54. Rh5 Nf3+ 55. Kd1 Rh2 0-1

[Event "Montreal CC-ch"]
[Site "Montreal CAN"]
[Date "2022.06.18"]
[Round "3.2"]
[White "Leveille, Francois"]
[Black "Mok, Yuen Tak"]
[Result "1-0"]
[WhiteElo "2317"]
[BlackElo "2120"]
[PlyCount "51"]
[EventDate "2022.06.17"]
[EventType "swiss"]
[EventRounds "5"]
[EventCountry "CAN"]

1. e4 c6 2. d4 d5 3. e5 Bf5 4. Nf3 e6 5. Be2 c5 6. Be3 Qb6 7. Nc3 Nc6 8. O-O
Qxb2 9. Qe1 cxd4 10. Bxd4 Nxd4 11. Nxd4 Bb4 12. Rb1 Bxc3 13. Rxb2 Bxe1 14. Rxe1
b6 15. h4 h5 16. Bb5+ Kf8 17. Nxf5 exf5 18. c4 dxc4 19. Rc2 Rc8 20. Rd1 c3 21.
Rxc3 Ra8 22. Rc7 Nh6 23. Rdd7 Rg8 24. f4 g6 25. Bc4 Kg7 26. Bxf7 1-0

[Event "Montreal CC-ch"]
[Site "Montreal CAN"]
[Date "2022.06.18"]
[Round "3.3"]
[White "Chapdelaine, Gwyn"]
[Black "Zheng, Richard"]
[Result "0-1"]
[WhiteElo "1858"]
[BlackElo "2193"]
[PlyCount "74"]
[EventDate "2022.06.17"]
[EventType "swiss"]
[EventRounds "5"]
[EventCountry "CAN"]

1. d4 d5 2. Bf4 c5 3. e3 Nc6 4. Nf3 Nf6 5. h3 Bf5 6. Bd3 Bxd3 7. Qxd3 e6 8. O-O
Bd6 9. Bxd6 Qxd6 10. c3 O-O 11. Na3 a6 12. dxc5 Qxc5 13. Rac1 e5 14. Nd2 b5 15.
Rfd1 Rfd8 16. Qe2 Qb6 17. Nc2 Ra7 18. e4 Rad7 19. Nb4 dxe4 20. Kh2 Nxb4 21.
cxb4 Kh8 22. Rc2 e3 23. fxe3 Ne4 24. Nxe4 Rxd1 25. Ng5 R1d7 26. Qg4 Re7 27. Qf5
Qg6 28. Rc8 Rde8 29. Qd7 f5 30. Rxe8+ Qxe8 31. Qxf5 Qg8 32. Nf3 Re8 33. Ng5 Rf8
34. Qxe5 h6 35. Nf3 Re8 36. Qh5 Rxe3 37. Ne5 Qb8 0-1

[Event "Montreal CC-ch"]
[Site "Montreal CAN"]
[Date "2022.06.18"]
[Round "3.3"]
[White "Lopez Linares, Lizandro"]
[Black "Singher, Jean-Pierre"]
[Result "1-0"]
[WhiteElo "2096"]
[BlackElo "1878"]
[PlyCount "81"]
[EventDate "2022.06.17"]
[EventType "swiss"]
[EventRounds "5"]
[EventCountry "CAN"]

1. d4 Nf6 2. c4 e6 3. Nf3 d5 4. Nc3 Be7 5. Bg5 Nbd7 6. e3 O-O 7. Rc1 c6 8. Bd3
dxc4 9. Bxc4 b6 10. Qe2 Bb7 11. O-O h6 12. Bh4 Nd5 13. Bg3 Nxc3 14. bxc3 Ba3
15. Rb1 Qe7 16. e4 Rfc8 17. Rfd1 b5 18. Bd3 Bd6 19. e5 Bc7 20. Qe4 Nf8 21. Qg4
a6 22. Bh4 Qe8 23. Bf6 Ng6 24. h4 gxf6 25. exf6 Bd6 26. h5 Rc7 27. Ne5 Bxe5 28.
dxe5 Kh7 29. Bc2 c5 30. Rd6 Bd5 31. Rd1 c4 32. R1xd5 exd5 33. e6 Kh8 34. hxg6
fxg6 35. Bxg6 Qf8 36. e7 Rxe7 37. fxe7 Qxe7 38. Rd7 Qe1+ 39. Kh2 Qe5+ 40. g3
Rf8 41. Rh7+ 1-0

[Event "Montreal CC-ch"]
[Site "Montreal CAN"]
[Date "2022.06.18"]
[Round "3.4"]
[White "Kapush, Oleksandr"]
[Black "Genzling, Jerome"]
[Result "1-0"]
[WhiteElo "2144"]
[BlackElo "1994"]
[PlyCount "97"]
[EventDate "2022.06.17"]
[EventType "swiss"]
[EventRounds "5"]
[EventCountry "CAN"]

1. e4 c5 2. Nc3 Nc6 3. g3 g6 4. Bg2 Bg7 5. d3 d6 6. f4 e6 7. Be3 Nge7 8. Nf3
O-O 9. Qd2 Nd4 10. Nd1 b5 11. c3 Nxf3+ 12. Bxf3 Bb7 13. O-O f5 14. Nf2 Rc8 15.
a4 a6 16. axb5 axb5 17. Qe2 e5 18. exf5 Bxf3 19. Qxf3 Nxf5 20. Qd5+ Kh8 21. Bd2
Ne7 22. Qe6 Rf6 23. Qg4 Rf5 24. Ne4 d5 25. Ng5 Qd7 26. Qh4 h6 27. fxe5 Kg8 28.
e6 Qc6 29. Nf3 Bf6 30. Qxh6 Rf8 31. Ng5 Bxg5 32. Bxg5 Rxf1+ 33. Rxf1 Rxf1+ 34.
Kxf1 Qxe6 35. Bxe7 Qxe7 36. Qxg6+ Kh8 37. Qh5+ Kg7 38. Qxd5 Qe3 39. Qd7+ Kh8
40. Qh3+ Kg8 41. Qg4+ Kh8 42. Qe2 Qc1+ 43. Kg2 b4 44. h4 Kg8 45. Qe8+ Kg7 46.
Qe7+ Kh8 47. Qf8+ Kh7 48. Qf7+ Kh6 49. Qf4+ 1-0

[Event "Montreal CC-ch"]
[Site "Montreal CAN"]
[Date "2022.06.18"]
[Round "3.6"]
[White "Sekki, Abderaouf"]
[Black "Beaudry, Marc-Andre"]
[Result "1/2-1/2"]
[WhiteElo "1922"]
[BlackElo "2052"]
[PlyCount "59"]
[EventDate "2022.06.17"]
[EventType "swiss"]
[EventRounds "5"]
[EventCountry "CAN"]

1. d4 Nf6 2. c4 e6 3. Nf3 d5 4. Nc3 c5 5. cxd5 Nxd5 6. e4 Nxc3 7. bxc3 cxd4 8.
cxd4 Bb4+ 9. Bd2 Bxd2+ 10. Qxd2 O-O 11. Bc4 Nd7 12. O-O b6 13. d5 Nc5 14. dxe6
Bxe6 15. Bxe6 Nxe6 16. Qxd8 Rfxd8 17. Rfd1 Kf8 18. Kf1 a6 19. Ne1 Ke7 20. Ke2
Rac8 21. Rxd8 Rxd8 22. Rc1 Rd4 23. Ke3 Ra4 24. Rc2 Ra3+ 25. Kd2 Nc5 26. f3 Kd6
27. Rb2 Ke5 28. Nc2 Rd3+ 29. Ke2 Rc3 30. Kd2 1/2-1/2

[Event "Montreal CC-ch"]
[Site "Montreal CAN"]
[Date "2022.06.18"]
[Round "3.7"]
[White "Kozlov, Guennadi"]
[Black "Chasles, Jean-Benoit"]
[Result "1-0"]
[WhiteElo "1730"]
[BlackElo "1306"]
[PlyCount "130"]
[EventDate "2022.06.17"]
[EventType "swiss"]
[EventRounds "5"]
[EventCountry "CAN"]

1. e4 c5 2. Nf3 g6 3. b3 Bg7 4. Nc3 Nc6 5. Bb2 d6 6. Be2 Nf6 7. Na4 O-O 8. e5
Nd5 9. exd6 exd6 10. Bxg7 Kxg7 11. O-O b6 12. c4 Nf4 13. Re1 d5 14. d4 dxc4 15.
dxc5 Nxe2+ 16. Qxe2 cxb3 17. axb3 Bg4 18. h3 Be6 19. b4 Qc7 20. b5 Na5 21. c6
a6 22. Qb2+ Kg8 23. Ne5 Nc4 24. Nxc4 Bxc4 25. bxa6 Rxa6 26. Qf6 b5 27. Nb2 Rxc6
28. Qh4 Be6 29. Qb4 Rb8 30. Nd3 Rc4 31. Qb2 b4 32. Rec1 b3 33. Rxc4 Qxc4 34.
Qe5 Rc8 35. Nb2 Qc2 36. Re1 Rc5 37. Qe2 Qxe2 38. Rxe2 Rc1+ 39. Kh2 Bf5 40. Kg3
Bc2 41. Re8+ Kg7 42. Rb8 Rb1 43. Na4 Ra1 44. Nc3 Ra3 45. Nb5 Ra4 46. Nc3 Rc4
47. Ne2 h5 48. f3 Kf6 49. Nc1 Rc3 50. Ne2 Rd3 51. Nc1 Kf5 52. Nxd3 Bxd3 53.
Rxb3 Bc4 54. Rb4 Be6 55. Kh4 Kf6 56. Rf4+ Kg7 57. Kg5 Bf5 58. Rxf5 gxf5 59.
Kxf5 f6 60. h4 Kf7 61. g4 hxg4 62. fxg4 Kg7 63. h5 Kf7 64. h6 Kg8 65. Kxf6 Kh7
1-0

[Event "Montreal CC-ch"]
[Site "Montreal CAN"]
[Date "2022.06.18"]
[Round "3.8"]
[White "Beaulieu, Pierre"]
[Black "Sonn, Eric"]
[Result "1-0"]
[WhiteElo "1848"]
[BlackElo "1507"]
[PlyCount "47"]
[EventDate "2022.06.17"]
[EventType "swiss"]
[EventRounds "5"]
[EventCountry "CAN"]

1. Nf3 c5 2. g3 Nc6 3. Bg2 e5 4. d3 Nf6 5. c4 h6 6. O-O Be7 7. Nc3 Rb8 8. Nd5
O-O 9. h3 d6 10. Nxe7+ Qxe7 11. b3 Bd7 12. Bb2 b5 13. Nh4 bxc4 14. dxc4 Na5 15.
Qd2 Nb7 16. Qc2 a5 17. Bc3 Qd8 18. Rad1 Qb6 19. Nf5 Rfd8 20. f4 exf4 21. Bxf6
gxf6 22. Ne7+ Kg7 23. Nd5 Qa6 24. Qc3 1-0

[Event "Montreal CC-ch"]
[Site "Montreal CAN"]
[Date "2022.06.18"]
[Round "3.9"]
[White "Millette, Sylvain"]
[Black "Jutras, Arnaud"]
[Result "1-0"]
[WhiteElo "1590"]
[BlackElo "1345"]
[PlyCount "61"]
[EventDate "2022.06.17"]
[EventType "swiss"]
[EventRounds "5"]
[EventCountry "CAN"]

1. e4 c6 2. Nf3 d5 3. exd5 cxd5 4. d4 Nf6 5. g3 Nc6 6. Bg2 Bf5 7. c3 e6 8. O-O
Be7 9. Nbd2 O-O 10. Nb3 Rc8 11. Be3 b6 12. Nc1 Na5 13. Ne5 Nc4 14. Nxc4 Rxc4
15. Nd3 Nd7 16. Qe2 Qc8 17. Bd2 Qb7 18. Nf4 Rcc8 19. Nxd5 exd5 20. Qxe7 Rfe8
21. Qg5 Be6 22. Rfe1 Nf6 23. Qh4 b5 24. a3 a5 25. Re2 Bg4 26. Re5 Be6 27. Rae1
Qb8 28. Rg5 Qd6 29. Rxg7+ Kxg7 30. Qh6+ Kg8 31. Re5 1-0

[Event "Montreal CC-ch"]
[Site "Montreal CAN"]
[Date "2022.06.18"]
[Round "3.10"]
[White "Chaudari, Prabhas"]
[Black "Batorshyn, Ilia"]
[Result "0-1"]
[WhiteElo "1451"]
[BlackElo "2100"]
[PlyCount "46"]
[EventDate "2022.06.17"]
[EventType "swiss"]
[EventRounds "5"]
[EventCountry "CAN"]

1. e4 c6 2. d4 d5 3. Nc3 dxe4 4. Nxe4 Nf6 5. Nxf6+ exf6 6. Nf3 Bd6 7. Bd3 O-O
8. O-O Re8 9. c3 Nd7 10. Qc2 Nf8 11. Bd2 Qc7 12. Rfe1 Bg4 13. h3 Bxf3 14. gxf3
g6 15. f4 Bxf4 16. Kg2 Ne6 17. Re2 Bxd2 18. Qxd2 Nf4+ 19. Kf1 Nxe2 20. Bxe2 Qh2
21. Bf3 Qxh3+ 22. Bg2 Qh5 23. Qf4 Qb5+ 0-1

[Event "Montreal CC-ch"]
[Site "Montreal CAN"]
[Date "2022.06.18"]
[Round "3.11"]
[White "Emin, Sebastien"]
[Black "Baran, Marius"]
[Result "0-1"]
[WhiteElo "1313"]
[BlackElo "1822"]
[PlyCount "128"]
[EventDate "2022.06.17"]
[EventType "swiss"]
[EventRounds "5"]
[EventCountry "CAN"]

1. c4 Nf6 2. d4 e6 3. Nc3 Bb4 4. Nf3 b6 5. Bg5 Bb7 6. e3 Bxc3+ 7. bxc3 d6 8.
Be2 O-O 9. O-O Nbd7 10. Re1 Qe8 11. Nd2 c5 12. Bd3 d5 13. Rb1 Ne4 14. Nxe4 dxe4
15. Bc2 f6 16. Bh4 Rc8 17. Qe2 Qf7 18. Bb3 Ba6 19. Qc2 Bb7 20. Rbd1 Rfd8 21. d5
exd5 22. cxd5 c4 23. Ba4 Nc5 24. Bb5 Nd3 25. Re2 Bxd5 26. Bg3 Be6 27. h3 Rc5
28. Qb1 Bd7 29. Ba6 Bc8 30. Bb5 a6 31. Ba4 b5 32. Bc2 Qg6 33. Kh2 Rg5 34. Rg1
Rgd5 35. Rd1 Rg5 36. Rg1 Rc5 37. a3 Qf7 38. Rd2 Bb7 39. a4 Qd7 40. Bd1 bxa4 41.
Qa2 Bc6 42. Be2 Bd5 43. Rb1 Rb5 44. Rdd1 Rb3 45. Qc2 Qb7 46. Qa2 Bc6 47. Bg4
Qe7 48. Rd2 g6 49. Be2 Kg7 50. Rbd1 Qc5 51. h4 Rd7 52. Bg4 Rdb7 53. Bc8 Rb2 54.
Qa1 R7b3 55. Rxb2 Rxb2 56. Bxa6 a3 57. Rb1 Bd5 58. Rd1 Qa5 59. Bc8 Qxc3 60. f4
Qb3 61. Be1 c3 62. f5 c2 63. Rc1 a2 64. fxg6 hxg6 0-1

[Event "Montreal CC-ch"]
[Site "Montreal CAN"]
[Date "2022.06.19"]
[Round "4.1"]
[White "Rodrigue-Lemieux, Shawn"]
[Black "Kapush, Oleksandr"]
[Result "1-0"]
[WhiteElo "2471"]
[BlackElo "2144"]
[PlyCount "84"]
[EventDate "2022.06.17"]
[EventType "swiss"]
[EventRounds "5"]
[EventCountry "CAN"]

1. c4 c5 2. g3 g6 3. Bg2 Bg7 4. Nc3 Nc6 5. Nf3 d6 6. O-O Nf6 7. d4 cxd4 8. Nxd4
Bd7 9. Nc2 O-O 10. b3 a6 11. Bb2 Qa5 12. Qd2 Qh5 13. Ne3 Bh6 14. f4 Bh3 15.
Ncd5 Ng4 16. Bf3 Bg7 17. Bxg7 Kxg7 18. Rfd1 e5 19. Qc3 Rae8 20. fxe5 dxe5 21.
Bxg4 Bxg4 22. Nf4 Qg5 23. h4 Qf6 24. Nxg4 Qf5 25. Ne3 Qc8 26. Nc2 g5 27. Ng2
gxh4 28. Nxh4 f5 29. Qd2 Re7 30. Kh2 f4 31. Rg1 Kh8 32. Qd5 Qg4 33. Qf3 Qg5 34.
e4 Re6 35. Kh3 Rh6 36. Qg4 Qf6 37. gxf4 exf4 38. Raf1 Ne5 39. Qg5 Qe6+ 40. Kh2
Nf3+ 41. Rxf3 Rxh4+ 42. Qxh4 Qxe4 1-0

[Event "Montreal CC-ch"]
[Site "Montreal CAN"]
[Date "2022.06.19"]
[Round "4.2"]
[White "Zheng, Richard"]
[Black "Leveille, Francois"]
[Result "0-1"]
[WhiteElo "2193"]
[BlackElo "2317"]
[PlyCount "90"]
[EventDate "2022.06.17"]
[EventType "swiss"]
[EventRounds "5"]
[EventCountry "CAN"]

1. d4 f5 2. Nf3 Nf6 3. c4 g6 4. g3 Bg7 5. Bg2 O-O 6. Nc3 d6 7. O-O Qe8 8. Re1
Qf7 9. Qb3 h6 10. Bd2 Ne4 11. Be3 Nxc3 12. Qxc3 g5 13. Rad1 Nd7 14. Bc1 Nf6 15.
Qc2 Qh5 16. e3 c6 17. Qe2 Be6 18. b3 Qf7 19. Nd2 d5 20. f4 g4 21. Bb2 a6 22. a3
b5 23. c5 Ne4 24. b4 a5 25. Nxe4 dxe4 26. Ra1 Ra6 27. Bc3 axb4 28. Bxb4 Rfa8
29. Qb2 Bc4 30. Bf1 Ra4 31. Rac1 Bxf1 32. Kxf1 h5 33. Red1 Qd5 34. Rc3 Kf7 35.
h3 gxh3 36. Qh2 Bf6 37. Qxh3 Rh8 38. Rd2 Raa8 39. Rh2 Rag8 40. Qg2 h4 41. Rh3
Rxg3 42. Rxg3 hxg3 43. Qxg3 Qa2 44. Qg2 Qb1+ 45. Ke2 Rh1 0-1

[Event "Montreal CC-ch"]
[Site "Montreal CAN"]
[Date "2022.06.19"]
[Round "4.3"]
[White "Lopez Linares, Lizandro"]
[Black "Kozlov, Guennadi"]
[Result "1-0"]
[WhiteElo "2096"]
[BlackElo "1730"]
[PlyCount "51"]
[EventDate "2022.06.17"]
[EventType "swiss"]
[EventRounds "5"]
[EventCountry "CAN"]

1. d4 d5 2. Nf3 c6 3. c4 e6 4. Qc2 Nf6 5. Bg5 Be7 6. e3 Ne4 7. Bxe7 Qxe7 8. Bd3
Nf6 9. Nbd2 Nbd7 10. O-O O-O 11. b3 h6 12. e4 dxe4 13. Nxe4 Nxe4 14. Bxe4 Nf6
15. Rfe1 Nxe4 16. Rxe4 Qf6 17. Rae1 b6 18. c5 Qf5 19. Ne5 Bb7 20. Qc1 Qg5 21.
R1e3 Rad8 22. Rg4 Qe7 23. Rh3 Qf6 24. Rxh6 Qf5 25. Rg5 Qe4 26. Rxg7+ 1-0

[Event "Montreal CC-ch"]
[Site "Montreal CAN"]
[Date "2022.06.19"]
[Round "4.4"]
[White "Mok, Yuen Tak"]
[Black "Chapdelaine, Gwyn"]
[Result "0-1"]
[WhiteElo "2120"]
[BlackElo "1858"]
[PlyCount "166"]
[EventDate "2022.06.17"]
[EventType "swiss"]
[EventRounds "5"]
[EventCountry "CAN"]

1. Nf3 Nf6 2. c4 g6 3. b4 Bg7 4. Bb2 d6 5. g3 O-O 6. Bg2 c6 7. O-O e5 8. d3 Bg4
9. h3 Bxf3 10. Bxf3 Qe7 11. Nc3 Nbd7 12. Qc2 Rfc8 13. Qd2 Nf8 14. a4 Ne6 15. e3
Bh6 16. Qe2 Rd8 17. b5 d5 18. bxc6 bxc6 19. Ba3 Qd7 20. cxd5 cxd5 21. Bg2 Rab8
22. Rfb1 Bg7 23. Qd1 d4 24. Rxb8 Rxb8 25. exd4 Nxd4 26. Rb1 Rc8 27. Nb5 Bf8 28.
Bxf8 Kxf8 29. Nxd4 Qxd4 30. Qf3 Kg7 31. a5 Rc3 32. Rd1 Ra3 33. Bf1 Rxa5 34. Rc1
Rc5 35. Rb1 Rc3 36. Qe2 e4 37. dxe4 Rxg3+ 38. Kh2 Rc3 39. Bg2 Rd3 40. Rb2 Rd1
41. Bf3 Qe5+ 42. Kg2 Qg5+ 43. Bg4 Rd4 44. Rb5 Qf4 45. e5 Nxg4 46. hxg4 Qxg4+
47. Qxg4 Rxg4+ 48. Kf3 Rc4 49. Rb7 g5 50. e6 Rf4+ 51. Ke3 Rf6 52. e7 Re6+ 53.
Kf3 Kf6 54. Rxa7 Rxe7 55. Ra8 Kg7 56. Ra5 h6 57. Rb5 Kg6 58. Rb8 f6 59. Rg8+
Rg7 60. Rb8 h5 61. Rb6 Rf7 62. Kg3 Rd7 63. Rb8 h4+ 64. Kg2 g4 65. Rh8 Rh7 66.
Rg8+ Kf5 67. Rb8 h3+ 68. Kh2 Kg5 69. Rb3 f5 70. f3 Kh4 71. fxg4 fxg4 72. Rb4
Rf7 73. Ra4 Rf2+ 74. Kg1 Rf3 75. Ra8 Kg3 76. Ra1 Rd3 77. Rb1 Kf3 78. Rf1+ Kg3
79. Rb1 Rf3 80. Ra1 Rf4 81. Ra3+ Kh4 82. Ra8 g3 83. Rh8+ Kg4 0-1

[Event "Montreal CC-ch"]
[Site "Montreal CAN"]
[Date "2022.06.19"]
[Round "4.5"]
[White "Beaulieu, Pierre"]
[Black "Batorshyn, Ilia"]
[Result "0-1"]
[WhiteElo "1848"]
[BlackElo "2100"]
[PlyCount "54"]
[EventDate "2022.06.17"]
[EventType "swiss"]
[EventRounds "5"]
[EventCountry "CAN"]

1. Nf3 d5 2. d4 Nf6 3. c4 e6 4. g3 Be7 5. Bg2 O-O 6. Qc2 c6 7. O-O b6 8. b3
Nbd7 9. Bb2 Bb7 10. Nbd2 Rc8 11. Rac1 c5 12. Qb1 dxc4 13. Nxc4 b5 14. Ncd2 Qb6
15. e4 cxd4 16. e5 Ng4 17. Rxc8 Rxc8 18. Bxd4 Bc5 19. Bxc5 Rxc5 20. Ng5 g6 21.
Bxb7 Qxb7 22. Nde4 Rxe5 23. Nd6 Qd5 24. Ngxf7 Rh5 25. Qb2 Nde5 26. Rc1 Nf3+ 27.
Kf1 Qd3+ 0-1

[Event "Montreal CC-ch"]
[Site "Montreal CAN"]
[Date "2022.06.19"]
[Round "4.6"]
[White "Beaudry, Marc-Andre"]
[Black "Lima-Barbosa, Raphael"]
[Result "0-1"]
[WhiteElo "2052"]
[BlackElo "1818"]
[PlyCount "122"]
[EventDate "2022.06.17"]
[EventType "swiss"]
[EventRounds "5"]
[EventCountry "CAN"]

1. e4 c5 2. Nf3 d6 3. d4 cxd4 4. Nxd4 Nf6 5. Nc3 g6 6. Be3 Bg7 7. f3 O-O 8. Qd2
Nc6 9. O-O-O d5 10. exd5 Nxd5 11. Nxc6 bxc6 12. Bd4 Nf6 13. Bc4 Qc7 14. Qe3 Re8
15. Qe5 Qxe5 16. Bxe5 Bh6+ 17. Kb1 Nd7 18. Bg3 a5 19. a4 Nc5 20. b3 Bg7 21. Ne2
h5 22. Nd4 Bb7 23. Bf2 Na6 24. Ne2 Bc8 25. Ng3 Bf8 26. Ne4 Kg7 27. Ng5 e6 28.
Ne4 Nb4 29. Nd6 Rd8 30. Nf5+ gxf5 31. Rxd8 Be7 32. Rdd1 Nd5 33. Bd4+ Kg6 34. g3
Rb8 35. Rhe1 Bg5 36. f4 Be7 37. Bb2 Bb4 38. Re2 Bc5 39. Bxd5 cxd5 40. Bd4 Bb4
41. c3 Be7 42. Ka2 Bd7 43. Rg1 Rg8 44. h3 Bd6 45. Be5 Bc5 46. Bd4 Bd6 47. g4
Kh6 48. gxf5 Rxg1 49. Bxg1 Bxf4 50. Be3 Bxe3 51. Rxe3 exf5 52. h4 Kg6 53. Kb2
f4 54. Re5 f3 55. Rxd5 f2 56. Rd1 Bh3 57. b4 f1=Q 58. Rxf1 Bxf1 59. Kb3 f5 60.
b5 Kf6 61. c4 Ke5 0-1

[Event "Montreal CC-ch"]
[Site "Montreal CAN"]
[Date "2022.06.19"]
[Round "4.7"]
[White "Baran, Marius"]
[Black "Jacquet, Stephane"]
[Result "0-1"]
[WhiteElo "1822"]
[BlackElo "2013"]
[PlyCount "98"]
[EventDate "2022.06.17"]
[EventType "swiss"]
[EventRounds "5"]
[EventCountry "CAN"]

1. d4 d6 2. c4 g6 3. Nc3 Bg7 4. e4 Nf6 5. f3 a6 6. Be3 c6 7. Nge2 b5 8. Nf4
Nbd7 9. Bd3 O-O 10. h4 e5 11. Nfe2 h5 12. Qd2 Qa5 13. a3 exd4 14. Nxd4 Ne5 15.
Nb3 Qc7 16. cxb5 axb5 17. Rc1 Qe7 18. Bg5 Ba6 19. Be2 Rad8 20. O-O Rfe8 21. Kh1
Nc4 22. Bxc4 bxc4 23. Nd4 Bb7 24. Rfd1 Rd7 25. Re1 Qe5 26. b4 Nh7 27. Be3 Qf6
28. Qf2 Ra8 29. a4 Nf8 30. b5 c5 31. Nde2 Ne6 32. Red1 Qe5 33. f4 Qf6 34. Nd5
Bxd5 35. exd5 Nc7 36. Rxc4 Re7 37. Nc3 Rae8 38. Bd2 Qf5 39. Rc1 Qg4 40. b6 Na6
41. Re1 Bd4 42. Rxd4 cxd4 43. Nb5 Re2 44. Qf1 Qxh4+ 45. Kg1 Rxe1 46. Bxe1 Rxe1
47. b7 Rxf1+ 48. Kxf1 Qxf4+ 49. Kg1 d3 0-1

[Event "Montreal CC-ch"]
[Site "Montreal CAN"]
[Date "2022.06.19"]
[Round "4.8"]
[White "Genzling, Jerome"]
[Black "Ostaci, Liviu"]
[Result "1-0"]
[WhiteElo "1994"]
[BlackElo "1504"]
[PlyCount "97"]
[EventDate "2022.06.17"]
[EventType "swiss"]
[EventRounds "5"]
[EventCountry "CAN"]

1. e4 d6 2. d4 Nf6 3. Nc3 c6 4. f4 d5 5. e5 Ng8 6. Bd3 g6 7. Be3 h5 8. Nf3 Bg4
9. h3 Bxf3 10. Qxf3 e6 11. O-O-O Qa5 12. Kb1 Nd7 13. g4 h4 14. f5 gxf5 15. gxf5
O-O-O 16. fxe6 fxe6 17. Bg5 Be7 18. Bxe7 Nxe7 19. Qf7 Nf5 20. Bxf5 exf5 21. e6
Nb6 22. e7 Rde8 23. Qxf5+ Kb8 24. Rhe1 Nc8 25. Re3 Qc7 26. Rde1 b5 27. a4 a6
28. axb5 axb5 29. Nxd5 cxd5 30. Qxd5 Qc4 31. Qe5+ Kb7 32. Rc3 Rxe7 33. Qxe7+
Nxe7 34. Rxe7+ Kc6 35. Rxc4+ bxc4 36. Re5 Rf8 37. Rh5 Rf1+ 38. Ka2 Rf4 39. c3
Kd6 40. Ka3 Ke6 41. Kb4 Kf6 42. Kxc4 Kg6 43. Rh8 Kg7 44. Re8 Rf3 45. d5 Kf7 46.
Re4 Rxh3 47. d6 Rh1 48. d7 Rd1 49. Rxh4 1-0

[Event "Montreal CC-ch"]
[Site "Montreal CAN"]
[Date "2022.06.19"]
[Round "4.9"]
[White "Singher, Jean-Pierre"]
[Black "Millette, Sylvain"]
[Result "1-0"]
[WhiteElo "1878"]
[BlackElo "1590"]
[PlyCount "66"]
[EventDate "2022.06.17"]
[EventType "swiss"]
[EventRounds "5"]
[EventCountry "CAN"]

1. d4 Nf6 2. c4 g6 3. h4 d5 4. cxd5 Nxd5 5. e4 Nb6 6. h5 e5 7. hxg6 fxg6 8. Nf3
Bg4 9. Be3 Bg7 10. Qb3 Bxf3 11. Rxh7 Kf8 12. Rxh8+ Bxh8 13. Bh6+ Bg7 14. Qxf3+
Kg8 15. Bxg7 Kxg7 16. d5 N8d7 17. Nd2 Qe7 18. Qc3 Nf6 19. Bd3 Ng4 20. Be2 Nf6
21. O-O-O Na4 22. Qc2 Qc5 23. Qxc5 Nxc5 24. f3 Re8 25. Nc4 Ncd7 26. Na5 b6 27.
Nc6 a5 28. g4 Rf8 29. d6 cxd6 30. Rxd6 Rf7 31. Bc4 Ne8 32. Rd2 Rxf3 33. Rxd7+
Kh6 1-0

[Event "Montreal CC-ch"]
[Site "Montreal CAN"]
[Date "2022.06.19"]
[Round "4.10"]
[White "Allaire, Denis"]
[Black "Sekki, Abderaouf"]
[Result "0-1"]
[WhiteElo "1686"]
[BlackElo "1922"]
[PlyCount "98"]
[EventDate "2022.06.17"]
[EventType "swiss"]
[EventRounds "5"]
[EventCountry "CAN"]

1. e4 d6 2. d4 Nf6 3. Nc3 Nbd7 4. Be2 e5 5. Be3 c6 6. g4 h6 7. h4 Be7 8. Qd2 b5
9. f3 b4 10. Nd1 d5 11. dxe5 Nxe5 12. Bd4 Qc7 13. g5 hxg5 14. Qxg5 Ng6 15. exd5
Ng4 16. Qd2 Qg3+ 17. Nf2 Nxf2 18. Bxf2 Qg2 19. d6 Bf6 20. d7+ Bxd7 21. O-O-O
Rd8 22. Qe3+ Kf8 23. Nh3 Nxh4 24. Nf4 Qg5 25. Qc5+ Be7 26. Qxg5 Bxg5 27. Bc5+
Kg8 28. Rd4 Ng6 29. Rxh8+ Kxh8 30. Bxa7 Nxf4 31. Kd1 c5 32. Bxc5 Nxe2 33. Kxe2
Bb5+ 34. Kf2 Rxd4 35. Bxd4 Be7 36. c3 bxc3 37. Bxc3 Kh7 38. Kg3 Bf6 39. Bxf6
gxf6 40. Kf4 Kg6 41. b3 f5 42. a4 Bd3 43. b4 Bc2 44. a5 Ba4 45. a6 Kf6 46. a7
Bc6 47. b5 Ba8 48. Ke3 Ke5 49. b6 Bb7 0-1

[Event "Montreal CC-ch"]
[Site "Montreal CAN"]
[Date "2022.06.19"]
[Round "4.11"]
[White "Destree, Frederic"]
[Black "Bachrach, Yaron"]
[Result "1-0"]
[WhiteElo "1831"]
[BlackElo "1257"]
[PlyCount "75"]
[EventDate "2022.06.17"]
[EventType "swiss"]
[EventRounds "5"]
[EventCountry "CAN"]

1. Nf3 Nf6 2. g3 g6 3. Bg2 Bg7 4. O-O d5 5. d3 O-O 6. Nbd2 c5 7. Re1 Nc6 8. e4
dxe4 9. dxe4 Bg4 10. h3 Bxf3 11. Qxf3 Nd4 12. Qd1 Qc7 13. c3 Nc6 14. Nc4 Rfd8
15. Qc2 b5 16. Ne3 b4 17. Nd5 Qd7 18. Be3 bxc3 19. bxc3 e6 20. Nxf6+ Bxf6 21.
Bxc5 Rac8 22. Rad1 Qc7 23. Qb2 Ne5 24. Bd4 Rb8 25. Qe2 Bg7 26. Rb1 Nc4 27. Bxg7
Kxg7 28. Bf1 Rxb1 29. Rxb1 Nd2 30. Rd1 Nxf1 31. Rxd8 Qxd8 32. Kxf1 Qa5 33. Qd2
Qb5+ 34. Kg2 h5 35. Qd4+ Kh6 36. Qxa7 Kg7 37. a4 Qe5 38. Qd4 1-0

[Event "Montreal CC-ch"]
[Site "Montreal CAN"]
[Date "2022.06.19"]
[Round "5.1"]
[White "Leveille, Francois"]
[Black "Rodrigue-Lemieux, Shawn"]
[Result "0-1"]
[WhiteElo "2317"]
[BlackElo "2471"]
[PlyCount "122"]
[EventDate "2022.06.17"]
[EventType "swiss"]
[EventRounds "5"]
[EventCountry "CAN"]

1. d4 Nf6 2. c4 e6 3. Nc3 Bb4 4. e3 O-O 5. Nf3 d5 6. Bd3 c5 7. O-O cxd4 8. exd4
dxc4 9. Bxc4 b6 10. Bg5 Bb7 11. Rc1 Be7 12. a3 Nc6 13. Qd3 Nd5 14. Be3 Nxc3 15.
Rxc3 Bf6 16. Ba2 Ne7 17. Ng5 Ng6 18. Ne4 Bxd4 19. Bxd4 Nf4 20. Qf3 Qxd4 21.
Qxf4 Qxe4 22. Qxe4 Bxe4 23. f3 Bf5 24. Rd1 g5 25. Kf2 Rfc8 26. Rdc1 Rd8 27. Ke3
Rd7 28. Bb3 Rad8 29. Bc2 Rd2 30. Bxf5 exf5 31. Rc8 f4+ 32. Ke4 Rxc8 33. Rxc8+
Kg7 34. g3 fxg3 35. hxg3 Rxb2 36. Rc7 a5 37. g4 Re2+ 38. Kd3 Ra2 39. Rc3 a4 40.
Ke4 Re2+ 41. Kd3 Rb2 42. Ke4 Rb3 43. Rc6 Rxa3 44. Rxb6 Rb3 45. Ra6 Rb4+ 46. Ke3
f6 47. Ra7+ Kg6 48. Ra6 Rf4 49. Kf2 h5 50. gxh5+ Kxh5 51. Kg3 Kg6 52. Ra5 Kf7
53. Rd5 Ke6 54. Rd8 Ke5 55. Rd7 Rd4 56. Ra7 Kd5 57. Ra5+ Kc6 58. Ra6+ Kb5 59.
Rxf6 a3 60. Rf5+ Kb4 61. Rf8 a2 0-1

[Event "Montreal CC-ch"]
[Site "Montreal CAN"]
[Date "2022.06.19"]
[Round "5.2"]
[White "Kapush, Oleksandr"]
[Black "Lopez Linares, Lizandro"]
[Result "1/2-1/2"]
[WhiteElo "2144"]
[BlackElo "2096"]
[PlyCount "72"]
[EventDate "2022.06.17"]
[EventType "swiss"]
[EventRounds "5"]
[EventCountry "CAN"]

1. e4 c6 2. Nc3 d5 3. Nf3 Bg4 4. h3 Bxf3 5. Qxf3 e6 6. d3 Nf6 7. Bd2 Qc7 8. g4
Bd6 9. g5 Nfd7 10. h4 O-O 11. h5 f5 12. gxf6 Nxf6 13. Qh3 Re8 14. Rg1 Bf4 15.
O-O-O Bxd2+ 16. Rxd2 Qf4 17. Qg2 Re7 18. Ne2 Qh6 19. e5 Nfd7 20. f4 Na6 21. Qg5
Qxg5 22. Rxg5 Rf8 23. Bh3 Nc7 24. Rd1 c5 25. c3 Nb8 26. Kd2 Nc6 27. d4 b6 28.
Ke3 a5 29. Ng3 Ref7 30. f5 exf5 31. Nxf5 Kh8 32. Nh4 Rf4 33. Rg4 Rf2 34. Rg2
R2f4 35. Rg4 Rf2 36. Rg2 R2f4 1/2-1/2